The history of St. Quintin Chartered Surveyors 1831 - 1981 (Record no. 87095)

MARC details
000 -LEADER
fixed length control field 00616cam a2200217 4500
001 - CONTROL NUMBER
control field D8495
008 - FIXED-LENGTH DATA ELEMENTS--GENERAL INFORMATION
fixed length control field 071126s1981 xxka f 000 0deng
035 ## - SYSTEM CONTROL NUMBER
System control number (Sirsi) u13437
041 ## - LANGUAGE CODE
Language code of text/sound track or separate title eng
050 04 - LIBRARY OF CONGRESS CALL NUMBER
Classification number 920 $2 18
110 2# - MAIN ENTRY--CORPORATE NAME
Corporate name or jurisdiction name as entry element St. Quintin
245 04 - TITLE STATEMENT
Title The history of St. Quintin Chartered Surveyors 1831 - 1981
260 ## - PUBLICATION, DISTRIBUTION, ETC.
Place of publication, distribution, etc. London
Name of publisher, distributor, etc. St Quintin (Management Services) Ltd
Date of publication, distribution, etc. 1981
300 ## - PHYSICAL DESCRIPTION
Extent 62p.
Other physical details ill.
Dimensions 22cm
350 ## - PRICE (NR) (BK AM CF MU VM SE) [OBSOLETE]
Price 0
520 ## - SUMMARY, ETC.
Summary, etc. A history of the form of St. Quintin.
651 #4 - SUBJECT ADDED ENTRY--GEOGRAPHIC NAME
Geographic name United Kingdom
Chronological subdivision
690 ## - LOCAL SUBJECT ADDED ENTRY--TOPICAL TERM (OCLC, RLIN)
Topical term or geographic name as entry element ABOUT RICS-RICS MEMBERS-CHARTERED SURVEYORS
942 ## - ADDED ENTRY ELEMENTS (KOHA)
Suppress in OPAC 0
948 ## - LOCAL PROCESSING INFORMATION (OCLC); SERIES PART DESIGNATOR (RLIN)
c (OCLC) 04/03/1997
Holdings
Withdrawn status Lost status Source of classification or shelving scheme Damaged status Not for loan Home library Current library Shelving location Date acquired Total Checkouts Full call number Barcode Date last seen Copy number Price effective from Koha item type
    Dewey Decimal Classification     London London Reference copy 14/09/1999   920 STQ 30002450 06/08/2019 1 06/08/2019 Book
    Dewey Decimal Classification     London London Reference copy 26/11/2007   920 STQ 30074474 06/08/2019 2 06/08/2019 Book